000 00836nam a22002057a 4500
001 BD-DhSAU 9616
003 BD-DhSAU
005 20150624121039.0
008 150624b1990 bg ||||r|||| 000 0 ben d
040 _aBD-DhSAU
082 _222
_a---
_bচট্টোক
100 _aচট্টোপাধ্যায়, বঙ্কিমচন্দ্র
245 _aকপালকুন্ডলা /
_cবঙ্কিমচন্দ্র চট্টোপাধ্যায়
260 _aঢাকা :
_bবিশ্বসাহিত্য কেন্দ্র,
_c১৯৯০.
300 _a৭১ পৃ. :
_c২১ সেমি
590 _ajoy
650 _aবঙ্গিম উপন্যাস
700 _aসায়ীদ, আবদুল্লাহ আবু
_eসম্পাদক
942 _2ddc
_cBOOK
999 _c9616
_d9616